Länder ohne Fußball-WM-Teilnahme - Statistiken

Allgemein
  • Dieses Quiz wurde 97 mal gespielt
  • Das Durchschnittsergebnis liegt bei 78 aus 129
Antwortstatistiken
Hint Antwort % Korrekt
UEFA Andorra
88%
UEFA San Marino
87%
UEFA Luxemburg
86%
UEFA Estland
85%
UEFA Lettland
85%
UEFA Litauen
85%
AFC Indien
83%
UEFA Nord Mazedonien
83%
UEFA Kosovo
82%
UEFA Aserbaidschan
79%
UEFA Kasachstan
79%
UEFA Finnland
78%
AFC Afghanistan
77%
UEFA Albanien
77%
UEFA Armenien
77%
UEFA Montenegro
77%
CAF Sudan
77%
AFC Turkmenistan
77%
AFC Vietnam
77%
UEFA Weißrussland
77%
AFC Pakistan
76%
CAF Südsudan
76%
AFC Usbekistan
76%
UEFA Georgien
74%
AFC Mongolei
74%
AFC Oman
74%
AFC Bangladesch
73%
CAF Guinea
73%
AFC Jemen
73%
AFC Jordanien
73%
AFC Laos
73%
UEFA Malta
73%
CONCACAF St Kitts und Nevis
73%
AFC Tadschikistan
73%
AFC Nepal
72%
OFC Papua-Neuguinea
72%
CONCACAF Suriname
72%
CONMEBOL Venezuela
72%
CONCACAF Bahamas
71%
CAF Lesotho
71%
CAF Libyen
71%
AFC Malediven
71%
CAF Mali
71%
UEFA Moldawien
71%
AFC Thailand
71%
CAF Uganda
71%
CAF Madagaskar
69%
AFC Bhutan
68%
OFC Fidschi
68%
AFC Malaysia
68%
AFC Myanmar
68%
CAF Namibia
68%
AFC Osttimor
68%
CAF Ruanda
68%
AFC Sri Lanka
68%
CONCACAF St Lucia
68%
CAF Äthiopien
67%
AFC Bahrain
67%
CONCACAF Dominikanische Republik
67%
CAF Guinea-Bissau
67%
CONCACAF Guyana
67%
AFC Kambodscha
67%
CAF Kongo
67%
CAF Somalia
67%
AFC Taiwan
67%
CAF Tansania
67%
CAF Eritrea
65%
CAF Gambia
65%
CAF Niger
65%
CAF Seychellen
65%
CAF Swasiland
65%
CAF Tschad
65%
CAF Äquatorial-Guinea
64%
CONCACAF Belize
64%
CAF Dschibuti
64%
CAF Kap Verde
64%
AFC Libanon
64%
CONCACAF Nicaragua
64%
OFC Tonga
64%
AFC Brunei
63%
CAF Liberia
63%
CONCACAF St Vincent und die Grenadinen
63%
CONCACAF Barbados
62%
CAF Kenia
62%
CAF Sambia
62%
AFC Singapur
62%
CAF Zentralafrikanische Republik
62%
CAF Burundi
60%
CONCACAF Dominica
60%
CAF Gabun
60%
AFC Syrien
60%
CAF Burkina Faso
59%
UEFA Gibraltar
59%
CONCACAF Grenada
59%
CAF Komoren
59%
CAF Mauritius
59%
CAF Mosambik
59%
CAF Benin
58%
CAF Sao Tome und Principe
58%
CAF Simbabwe
58%
CAF Botswana
56%
CAF Malawi
55%
OFC Vanuatu
55%
CONCACAF Antigua und Barbuda
54%
OFC Samoa
54%
CAF Sierra Leone
54%
AFC Kirgistan
53%
UEFA Färöer-Inseln
46%
UEFA Lichtenstein
44%
AFC Phillipinen
38%
CONCACAF Aruba
31%
CONCACAF Curacao
31%
AFC Hong-Kong
31%
CONCACAF Bermuda
28%
CONCACAF Puerto Rico
26%
OFC Tahiti
24%
OFC Neukaledonien
23%
AFC Guam
21%
AFC Palästina
21%
CONCACAF Britische Jungferninseln
19%
CONCACAF Amerikanische Jungferninseln
17%
OFC Amerikanisch-Samoa
17%
CONCACAF Cayman
14%
CONCACAF Anguilla
12%
CONCACAF Montserrat
10%
OFC Cook-Inseln
8%
CONCACAF Turks und Caicos
8%
CAF Mauritanien
6%
OFC Salomonen-Inseln
3%
Keine übereinstimmenden Quizze gefunden
Verteilung der Resultate
Anzahl Personen mit jedem Resultat
Perzentil nach korrekt beantworteten Fragen
Ihre Resultats-Entwicklung
Sie haben dieses Quiz noch nicht gespielt